000 00818nam a2200301Ia 4500
001 23583
003 IT-RoPAU
008 130308s9999 xx 000 0 und d
040 _aIT-RoPAU
040 _cIT-RoPAU
041 _aITALIANO
100 _aRescigno Eduardo
100 _gCodice Aut. SPICS: 7315
245 _aAppunti per la lettura del Tannhauser
245 _bTannhauser (Opera romantica in tre Atti)
250 _a1a ed.
260 _aMILANO
260 _bTeatro Scala - Oscar Mondadori
260 _c1984 [1° Ed.:1984 - Ed.Ling.Originale:1984]
300 _a"5 p. (prefazione: no ; testo: 5 [pagine: 14-18])"
500 _aDate e Personaggi
650 _aAUTORI/OPERE DI MUSICA
650 _eCodice materia Spics: 7007
942 _cBK
957 _71
999 _c58639
_d58639
999 _bSI
999 _g1